<?xml version="1.0" encoding="UTF-8"?>
<collection xmlns="http://www.loc.gov/MARC21/slim">
 <record>
  <leader>02689nam a22003497a 4500</leader>
  <controlfield tag="001">NCT_85793</controlfield>
  <controlfield tag="008">201003b        xxu||||| |||| 00| 0 vie d</controlfield>
  <datafield tag="999" ind1=" " ind2=" ">
   <subfield code="c">4237</subfield>
   <subfield code="d">4237</subfield>
  </datafield>
  <datafield tag="020" ind1=" " ind2=" ">
   <subfield code="a">9786046632795</subfield>
   <subfield code="c">79000</subfield>
  </datafield>
  <datafield tag="082" ind1="0" ind2="4">
   <subfield code="2">23rd ed.</subfield>
   <subfield code="a">616.88</subfield>
   <subfield code="b">Th523</subfield>
  </datafield>
  <datafield tag="100" ind1="1" ind2=" ">
   <subfield code="a">Trần Thuý</subfield>
   <subfield code="e">Chủ biên</subfield>
  </datafield>
  <datafield tag="245" ind1="1" ind2="0">
   <subfield code="a">Nội kinh</subfield>
   <subfield code="c">Trần Thuý, Vũ Nam, Nguyễn Nhược Kim (Chủ biên)</subfield>
  </datafield>
  <datafield tag="250" ind1=" " ind2=" ">
   <subfield code="a">Tái bản lần thứ 3, có sửa chữa, bổ sung</subfield>
  </datafield>
  <datafield tag="260" ind1=" " ind2=" ">
   <subfield code="a">H.</subfield>
   <subfield code="b">Y học</subfield>
   <subfield code="c">2018</subfield>
  </datafield>
  <datafield tag="300" ind1=" " ind2=" ">
   <subfield code="a">302 tr.</subfield>
   <subfield code="c">27cm</subfield>
  </datafield>
  <datafield tag="500" ind1=" " ind2=" ">
   <subfield code="a">ĐTTS ghi: Trường đại học Y Hà Nội. Khoa Y học cổ truyền</subfield>
  </datafield>
  <datafield tag="520" ind1="3" ind2=" ">
   <subfield code="a">Nội dung giáo trình gồm: phép dưỡng sinh; học thuyết Âm dương Ngũ hành; Học thuyết tạng tượng; Học thuyết kinh lạc; Bệnh chứng; Chẩn đoán học; Nguyên tắc trị liệu; Học thuyết Ngũ vận lục khí.</subfield>
  </datafield>
  <datafield tag="653" ind1=" " ind2=" ">
   <subfield code="a">Y đa khoa</subfield>
  </datafield>
  <datafield tag="700" ind1="1" ind2=" ">
   <subfield code="a">Vũ Nam</subfield>
   <subfield code="e">Chủ biên</subfield>
  </datafield>
  <datafield tag="700" ind1="1" ind2=" ">
   <subfield code="a">Nguyễn Nhược Kim</subfield>
   <subfield code="e">Chủ biên</subfield>
  </datafield>
  <datafield tag="942" ind1=" " ind2=" ">
   <subfield code="2">ddc</subfield>
   <subfield code="c">BK</subfield>
  </datafield>
  <datafield tag="952" ind1=" " ind2=" ">
   <subfield code="0">0</subfield>
   <subfield code="1">0</subfield>
   <subfield code="2">ddc</subfield>
   <subfield code="4">0</subfield>
   <subfield code="6">616_880000000000000_TH523</subfield>
   <subfield code="7">0</subfield>
   <subfield code="9">20389</subfield>
   <subfield code="a">000001</subfield>
   <subfield code="b">000001</subfield>
   <subfield code="d">2020-10-03</subfield>
   <subfield code="o">616.88 Th523</subfield>
   <subfield code="p">MD.17713</subfield>
   <subfield code="r">2020-10-03</subfield>
   <subfield code="v">79000.00</subfield>
   <subfield code="w">2020-10-03</subfield>
   <subfield code="y">BK</subfield>
  </datafield>
  <datafield tag="952" ind1=" " ind2=" ">
   <subfield code="0">0</subfield>
   <subfield code="1">0</subfield>
   <subfield code="2">ddc</subfield>
   <subfield code="4">0</subfield>
   <subfield code="6">616_880000000000000_TH523</subfield>
   <subfield code="7">0</subfield>
   <subfield code="9">20390</subfield>
   <subfield code="a">000001</subfield>
   <subfield code="b">000001</subfield>
   <subfield code="d">2020-10-03</subfield>
   <subfield code="o">616.88 Th523</subfield>
   <subfield code="p">MD.17714</subfield>
   <subfield code="r">2020-10-03</subfield>
   <subfield code="v">79000.00</subfield>
   <subfield code="w">2020-10-03</subfield>
   <subfield code="y">BK</subfield>
  </datafield>
  <datafield tag="952" ind1=" " ind2=" ">
   <subfield code="0">0</subfield>
   <subfield code="1">0</subfield>
   <subfield code="2">ddc</subfield>
   <subfield code="4">0</subfield>
   <subfield code="6">616_880000000000000_TH523</subfield>
   <subfield code="7">0</subfield>
   <subfield code="9">20391</subfield>
   <subfield code="a">000001</subfield>
   <subfield code="b">000001</subfield>
   <subfield code="d">2020-10-03</subfield>
   <subfield code="o">616.88 Th523</subfield>
   <subfield code="p">MD.17715</subfield>
   <subfield code="r">2020-10-03</subfield>
   <subfield code="v">79000.00</subfield>
   <subfield code="w">2020-10-03</subfield>
   <subfield code="y">BK</subfield>
  </datafield>
  <datafield tag="952" ind1=" " ind2=" ">
   <subfield code="0">0</subfield>
   <subfield code="1">0</subfield>
   <subfield code="2">ddc</subfield>
   <subfield code="4">0</subfield>
   <subfield code="6">616_880000000000000_TH523</subfield>
   <subfield code="7">0</subfield>
   <subfield code="9">20392</subfield>
   <subfield code="a">000001</subfield>
   <subfield code="b">000001</subfield>
   <subfield code="d">2020-10-03</subfield>
   <subfield code="o">616.88 Th523</subfield>
   <subfield code="p">MD.17716</subfield>
   <subfield code="r">2020-10-03</subfield>
   <subfield code="v">79000.00</subfield>
   <subfield code="w">2020-10-03</subfield>
   <subfield code="y">BK</subfield>
  </datafield>
  <datafield tag="952" ind1=" " ind2=" ">
   <subfield code="0">0</subfield>
   <subfield code="1">0</subfield>
   <subfield code="2">ddc</subfield>
   <subfield code="4">0</subfield>
   <subfield code="6">616_880000000000000_TH523</subfield>
   <subfield code="7">0</subfield>
   <subfield code="9">20393</subfield>
   <subfield code="a">000001</subfield>
   <subfield code="b">000001</subfield>
   <subfield code="d">2020-10-03</subfield>
   <subfield code="o">616.88 Th523</subfield>
   <subfield code="p">MD.17717</subfield>
   <subfield code="r">2020-10-03</subfield>
   <subfield code="v">79000.00</subfield>
   <subfield code="w">2020-10-03</subfield>
   <subfield code="y">BK</subfield>
  </datafield>
  <datafield tag="952" ind1=" " ind2=" ">
   <subfield code="0">0</subfield>
   <subfield code="1">0</subfield>
   <subfield code="2">ddc</subfield>
   <subfield code="4">0</subfield>
   <subfield code="6">616_880000000000000_TH523</subfield>
   <subfield code="7">0</subfield>
   <subfield code="9">20394</subfield>
   <subfield code="a">000001</subfield>
   <subfield code="b">000001</subfield>
   <subfield code="d">2020-10-03</subfield>
   <subfield code="o">616.88 Th523</subfield>
   <subfield code="p">MD.17718</subfield>
   <subfield code="r">2020-10-03</subfield>
   <subfield code="v">79000.00</subfield>
   <subfield code="w">2020-10-03</subfield>
   <subfield code="y">BK</subfield>
  </datafield>
  <datafield tag="952" ind1=" " ind2=" ">
   <subfield code="0">0</subfield>
   <subfield code="1">0</subfield>
   <subfield code="2">ddc</subfield>
   <subfield code="4">0</subfield>
   <subfield code="6">616_880000000000000_TH523</subfield>
   <subfield code="7">0</subfield>
   <subfield code="9">20395</subfield>
   <subfield code="a">000001</subfield>
   <subfield code="b">000001</subfield>
   <subfield code="d">2020-10-03</subfield>
   <subfield code="o">616.88 Th523</subfield>
   <subfield code="p">MD.17719</subfield>
   <subfield code="r">2020-10-03</subfield>
   <subfield code="v">79000.00</subfield>
   <subfield code="w">2020-10-03</subfield>
   <subfield code="y">BK</subfield>
  </datafield>
  <datafield tag="952" ind1=" " ind2=" ">
   <subfield code="0">0</subfield>
   <subfield code="1">0</subfield>
   <subfield code="2">ddc</subfield>
   <subfield code="4">0</subfield>
   <subfield code="6">616_880000000000000_TH523</subfield>
   <subfield code="7">0</subfield>
   <subfield code="9">20396</subfield>
   <subfield code="a">000001</subfield>
   <subfield code="b">000001</subfield>
   <subfield code="d">2020-10-03</subfield>
   <subfield code="o">616.88 Th523</subfield>
   <subfield code="p">MD.17720</subfield>
   <subfield code="r">2020-10-03</subfield>
   <subfield code="v">79000.00</subfield>
   <subfield code="w">2020-10-03</subfield>
   <subfield code="y">BK</subfield>
  </datafield>
  <datafield tag="952" ind1=" " ind2=" ">
   <subfield code="0">0</subfield>
   <subfield code="1">0</subfield>
   <subfield code="2">ddc</subfield>
   <subfield code="4">0</subfield>
   <subfield code="6">616_880000000000000_TH523</subfield>
   <subfield code="7">0</subfield>
   <subfield code="9">20397</subfield>
   <subfield code="a">000001</subfield>
   <subfield code="b">000001</subfield>
   <subfield code="d">2020-10-03</subfield>
   <subfield code="o">616.88 Th523</subfield>
   <subfield code="p">MD.17721</subfield>
   <subfield code="r">2020-10-03</subfield>
   <subfield code="v">79000.00</subfield>
   <subfield code="w">2020-10-03</subfield>
   <subfield code="y">BK</subfield>
  </datafield>
  <datafield tag="952" ind1=" " ind2=" ">
   <subfield code="0">0</subfield>
   <subfield code="1">0</subfield>
   <subfield code="2">ddc</subfield>
   <subfield code="4">0</subfield>
   <subfield code="6">616_880000000000000_TH523</subfield>
   <subfield code="7">0</subfield>
   <subfield code="9">20398</subfield>
   <subfield code="a">000001</subfield>
   <subfield code="b">000001</subfield>
   <subfield code="d">2020-10-03</subfield>
   <subfield code="o">616.88 Th523</subfield>
   <subfield code="p">MD.17722</subfield>
   <subfield code="r">2020-10-03</subfield>
   <subfield code="v">79000.00</subfield>
   <subfield code="w">2020-10-03</subfield>
   <subfield code="y">BK</subfield>
  </datafield>
  <datafield tag="980" ind1=" " ind2=" ">
   <subfield code="a">Thư viện Trường Đại học Nam Cần Thơ</subfield>
  </datafield>
 </record>
</collection>
